Formovanie peňažnej zásoby na Slovensku v rokoch 1993-1997

Analýza vývoja peňažnej zásoby na Slovensku v rokoch 1993-1997. Menovopolitické súvislosti vývoja peňažnej zásoby. Regulovanie peňažnej zásoby v SR. Rýchlosť obehu peňazí. Vývoj peňažnej zásoby M2 v dezagregácii na M1 a kvázipeniaze. Ukazovateľ likvidity. Miera dolarizácie.

Saved in:
Bibliographic Details
Main Author: Komínková, Zora
Format: Book Chapter
Language:Slovak
Subjects:
Tags: Add Tag
No Tags, Be the first to tag this record!

MARC

LEADER 00000naa a2200000 4500
001 r032497
005 20221130064058.6
041 0 |a slo 
044 |a SK 
245 1 0 |a Formovanie peňažnej zásoby na Slovensku v rokoch 1993-1997  |c Zora Komínková 
520 |a Analýza vývoja peňažnej zásoby na Slovensku v rokoch 1993-1997. Menovopolitické súvislosti vývoja peňažnej zásoby. Regulovanie peňažnej zásoby v SR. Rýchlosť obehu peňazí. Vývoj peňažnej zásoby M2 v dezagregácii na M1 a kvázipeniaze. Ukazovateľ likvidity. Miera dolarizácie. 
610 2 0 |a zásoba peňažná 
610 2 0 |a Slovensko 
610 2 0 |a banky centrálne 
610 2 0 |a agregáty menové 
610 2 0 |a politika menová 
610 2 0 |a multiplikátor 
610 2 0 |a obeh peňažný 
610 2 0 |a produkt domáci hrubý 
610 2 0 |a likvidita 
610 2 0 |a dolarizácia 
610 2 0 |a 1993-1997 
100 1 |a Komínková, Zora